00671nam a22001937a 450000500170000001000150001702000260003203500140005803700130007208200150008524500820010026000360018227000400021830000260025870000180028494200290030299900190033195201270035020170530121154.0 aENG-118454 a9788185990934c300.00 aEN-101986 bDBAD/PUB a302.140954 aHindu Temple :bwhat happend to them /ccompliled and edited by Sita Ram Goel aNew DelhibVoice Of Indiac2015 a2/18,Ansari RoadbNew Delhie110002 axxii,296p.c22cm(pbk) aGoel,Sita Ram 2ddccENmGOEh302.140954 c140538d140538 001040708NFICaBL1bBL1d2017-05-30eDBAD/PUBg300.00l0o302.140954 GOEpEN-101986r2017-05-30 00:00:00t1v300.00yEN